| 000 | 00684nam a2200253Ia 4500 | ||
|---|---|---|---|
| 003 | OSt | ||
| 005 | 20220923211949.0 | ||
| 006 | a|||||r|||| 00| 0 | ||
| 007 | ta | ||
| 008 | 220922b |||||||| |||| 00| 0 hin d | ||
| 024 | _a75,647 | ||
| 037 | _cTextual | ||
| 040 |
_aARTS _cARTS _bhin |
||
| 041 |
_2hin _ahin |
||
| 082 | _aR65,6, 152N5 | ||
| 100 |
_aकपूर, कँवल नयन _9157452 |
||
| 245 | 0 | _aइदं शरीरं | |
| 246 | _aIdan sharīran | ||
| 260 | _c1995 | ||
| 300 |
_a212p. _ccm. |
||
| 650 | _aभगवत् गीता | ||
| 942 |
_hR65,6, 152N5 _cTEXL _2CC |
||
| 999 |
_c304990 _d304990 |
||